Statistics for Countries with 2 or more E's in their Name

Click here to take the quiz!

General Stats

  • This quiz has been taken 33 times
  • The average score is 17 of 26

Answer Stats

Answer% Correct
United States
88%
United Arab Emirates
84%
Equatorial Guinea
84%
New Zealand
80%
Sweden
80%
Netherlands
76%
Venezuela
76%
Democratic Republic of the Congo
72%
Eritrea
72%
Greece
72%
Federated States of Micronesia
68%
Republic of the Congo
68%
Yemen
64%
Central African Republic
64%
Seychelles
60%
Saint Vincent and the Grenadines
60%
Belize
60%
Bosnia and Herzegovina
56%
Papua New Guinea
56%
Liechtenstein
52%
Czech Republic
52%
Montenegro
44%
São Tomé and Príncipe
44%
Senegal
44%
Sierra Leone
44%
Cape Verde
44%

Score Distribution

Percentile by Number Answered

Percent of People with Each Score

Your Score History

You have not taken this quiz